| 000 | 00734nam a2200253Ia 4500 | ||
|---|---|---|---|
| 003 | OSt | ||
| 005 | 20220918214635.0 | ||
| 006 | a|||||r|||| 00| 0 | ||
| 007 | ta | ||
| 008 | 220917b |||||||| |||| 00| 0 eng d | ||
| 024 | _a138,463 | ||
| 037 | _cTextual | ||
| 040 |
_aARTS _cARTS _beng |
||
| 041 |
_2eng _aeng |
||
| 082 | _aXu79:N70, L2 | ||
| 110 |
_aUnited Nations, Economic Commission for Latin America _9129507 |
||
| 245 | 0 | _aEconomic survey of Latin America, 1970 | |
| 260 |
_aNew York _bUnited Nation _c1972 |
||
| 300 |
_a351p _ccm. |
||
| 650 | _aECONOMICS | ||
| 700 |
_aUnited Nations, Economic Commission for Latin America _9129508 |
||
| 942 |
_hXu79:N70, L2 _cTEXL _2CC |
||
| 999 |
_c261514 _d261514 |
||